[Event "Rheinland Pfalz-ch Blitz"]
[Site "Landau"]
[Date "2024.05.05"]
[Round "8"]
[White "Commercon, Simon"]
[Black "Bruch, Jochen"]
[Result "0-1"]
[WhiteElo "2230"]
[BlackElo "2119"]
[PlyCount "92"]
[EventDate "2024.05.05"]
[EventType "tourn (blitz)"]
[EventRounds "29"]
[EventCountry "GER"]
[SourceTitle "CBM 220 Extra"]
[Source "ChessBase"]
[SourceDate "2024.07.31"]
[SourceVersion "1"]
[SourceVersionDate "2024.07.31"]
[SourceQuality "1"]

1. d4 Nf6 2. Nf3 e6 3. Bf4 c5 4. e3 a6 5. Nbd2 b5 6. Be2 Nc6 7. c3 b4 8. h3 Nd5 9. Qc2 bxc3 10. bxc3 Nxf4 11. exf4 cxd4 12. Nxd4 Nxd4 13. cxd4 Bb7 14. 0-0 Be7 15. Nb3 0-0 16. f5 Bf6 17. Bd3 h6 18. Rad1 Bd5 19. Qe2 a5 20. Be4 Bxe4 21. Qxe4 a4 22. Nc5 d6 23. Nd3 exf5 24. Qxf5 Bxd4 25. Nf4 Be5 26. Nd5 g6 27. Qd3 Rb8 28. f4 Bg7 29. f5 gxf5 30. Rxf5 Rb2 31. Rf2 Rxf2 32. Kxf2 Qg5 33. Qf3 Be5 34. Qg4 Qxg4 35. hxg4 Rb8 36. Rd2 Kg7 37. Kf3 Rc8 38. Ke4 Rc4+ 39. Kf5 a3 40. Rd3 Bb2 41. Ne3 Rc5+ 42. Kf4 Rc6 43. Nf5+ Kf6 44. Nxd6 Be5+ 45. Ke4 Bxd6 46. Kd5 Ra6 0-1

[Event "Rheinland Pfalz-ch Blitz"]
[Site "Landau"]
[Date "2024.05.05"]
[Round "10"]
[White "Commercon, Simon"]
[Black "Zimmermann, Klemens"]
[Result "0-1"]
[WhiteElo "2230"]
[BlackElo "2198"]
[PlyCount "90"]
[EventDate "2024.05.05"]
[EventType "tourn (blitz)"]
[EventRounds "29"]
[EventCountry "GER"]
[SourceTitle "CBM 220 Extra"]
[Source "ChessBase"]
[SourceDate "2024.07.31"]
[SourceVersion "1"]
[SourceVersionDate "2024.07.31"]
[SourceQuality "1"]

1. d4 Nf6 2. c4 g6 3. Nc3 Bg7 4. e4 d6 5. f4 0-0 6. Nf3 c5 7. d5 e6 8. Bd3 exd5 9. cxd5 Re8 10. 0-0 a6 11. a4 Nbd7 12. Re1 Qc7 13. e5 Nh5 14. exd6 Rxe1+ 15. Qxe1 Qxd6 16. Qe8+ Qf8 17. Qe2 Qd6 18. g3 Nhf6 19. Bc4 Nb6 20. Be3 Bg4 21. Rd1 Bxf3 22. Qxf3 Nxc4 23. Bc1 Re8 24. Kf2 h5 25. h3 Qd7 26. Kg2 Nd6 27. Be3 b6 28. a5 bxa5 29. Bxc5 Nfe4 30. Bxd6 Nxd6 31. Qd3 Qb7 32. Rd2 Qb6 33. Re2 Rxe2+ 34. Qxe2 Qd4 35. Qxa6 Qd2+ 36. Kf3 Bxc3 37. Qxd6 Bxb2 38. Qd8+ Kg7 39. d6 Bf6 40. Qc7 Qd3+ 41. Kg2 a4 42. d7 a3 43. Qa7 Qd2+ 44. Kf3 a2 45. g4 a1Q 0-1

[Event "Rheinland Pfalz-ch Blitz"]
[Site "Landau"]
[Date "2024.05.05"]
[Round "20"]
[White "Huseynov, Ahad"]
[Black "Commercon, Simon"]
[Result "0-1"]
[WhiteElo "2037"]
[BlackElo "2230"]
[PlyCount "70"]
[EventDate "2024.05.05"]
[EventType "tourn (blitz)"]
[EventRounds "29"]
[EventCountry "GER"]
[SourceTitle "CBM 220 Extra"]
[Source "ChessBase"]
[SourceDate "2024.07.31"]
[SourceVersion "1"]
[SourceVersionDate "2024.07.31"]
[SourceQuality "1"]

1. e4 d6 2. Bc4 Nf6 3. d3 c6 4. Bb3 Nbd7 5. Nf3 Nc5 6. 0-0 Nxb3 7. axb3 a6 8. b4 Bg4 9. h3 Bh5 10. Be3 e6 11. Nbd2 d5 12. e5 Nd7 13. d4 Bxb4 14. c3 Be7 15. Qb3 Qc7 16. Nh2 Bg6 17. f4 c5 18. g4 Bd3 19. Rf2 g6 20. Nhf3 c4 21. Qd1 h5 22. Ne1 Be4 23. Nxe4 dxe4 24. f5 exf5 25. gxf5 gxf5 26. Rxf5 Qc6 27. Ng2 Qg6 28. Qf1 Rg8 29. Qf2 Nb6 30. Rf1 Nd5 31. Kh1 Qxg2+ 32. Qxg2 Rxg2 33. Bh6 Rxb2 34. Rxf7 e3 35. Re1 Kxf7 0-1

[Event "Rheinland Pfalz-ch Blitz"]
[Site "Landau"]
[Date "2024.05.05"]
[Round "16"]
[White "Vogel, Johannes"]
[Black "Commercon, Simon"]
[Result "0-1"]
[WhiteElo "2103"]
[BlackElo "2230"]
[PlyCount "86"]
[EventDate "2024.05.05"]
[EventType "tourn (blitz)"]
[EventRounds "29"]
[EventCountry "GER"]
[SourceTitle "CBM 220 Extra"]
[Source "ChessBase"]
[SourceDate "2024.07.31"]
[SourceVersion "1"]
[SourceVersionDate "2024.07.31"]
[SourceQuality "1"]

1. e4 d6 2. d4 Nf6 3. Nc3 c6 4. f4 Qa5 5. e5 Ne4 6. Bd3 Nxc3 7. Qd2 g6 8. bxc3 Bf5 9. Nf3 Bxd3 10. Qxd3 e6 11. Bd2 Qa6 12. Rb1 b5 13. 0-0 Qxa2 14. Ng5 d5 15. g4 Be7 16. f5 gxf5 17. gxf5 Bxg5 18. fxe6 Bxd2 19. exf7+ Kd7 20. Qxd2 Qa3 21. e6+ Kxe6 22. Qh6+ Kd7 23. f8Q Rxf8 24. Rxf8 Kc7 25. Qxh7+ Kb6 26. Qh8 Qd6 27. Qf6 Qxf6 28. Rxf6 Nd7 29. Rf7 Rg8+ 30. Kf2 Nf8 31. Ra1 a5 32. Rg1 Rh8 33. h4 Ne6 34. Rh1 Ng5 35. Rg7 Ne4+ 36. Ke3 a4 37. h5 a3 38. Rgg1 Nxc3 39. Kd3 b4 40. h6 a2 41. h7 Kb5 42. Rg7 Kb6 43. Rf7 Nb1 0-1

[Event "Oberliga Sued W 2324+"]
[Site "Germany"]
[Date "2023.11.19"]
[Round "3.5"]
[White "Commercon, Simon"]
[Black "Sievers, Andy"]
[Result "1-0"]
[WhiteElo "2192"]
[BlackElo "2110"]
[PlyCount "77"]
[EventDate "2023.09.17"]
[EventType "team-tourn"]
[EventRounds "3"]
[EventCountry "GER"]
[SourceTitle "EXT 2025"]
[Source "ChessBase"]
[SourceDate "2024.10.14"]
[SourceVersion "1"]
[SourceVersionDate "2024.10.14"]
[SourceQuality "1"]
[WhiteTeam "Speyer Schwegenheim"]
[BlackTeam "Kaiserslautern"]
[WhiteTeamCountry "GER"]
[BlackTeamCountry "GER"]

1. d4 Nf6 2. Nf3 g6 3. g3 Bg7 4. Bg2 0-0 5. 0-0 d5 6. c4 c6 7. b3 dxc4 8. bxc4 c5 9. Bb2 cxd4 10. Nxd4 Qb6 11. Qc1 Na6 12. Nd2 Nd7 13. N4b3 Bxb2 14. Qxb2 Ndc5 15. Qa3 Bg4 16. Nf3 Rfd8 17. Rab1 Nxb3 18. Rxb3 Qc7 19. Rb5 Rab8 20. Rc1 f6 21. e3 Bd7 22. Nd4 Re8 23. Ra5 Rbc8 24. Rb1 Rb8 25. Bf1 e5 26. Nb5 Qc6 27. Nxa7 Qe4 28. Rc1 Bg4 29. Nb5 Red8 30. Nc3 Qf5 31. Nd5 Qe6 32. Rb5 Rd6 33. e4 g5 34. Rcb1 Bh5 35. Rb6 Rbd8 36. Rxd6 Qxd6 37. Qe3 Rf8 38. Rb6 Qd8 39. Nxf6+ 1-0

[Event "Pardubice Czech op-A 34th"]
[Site "Pardubice"]
[Date "2023.07.25"]
[Round "5"]
[White "Commercon, Simon"]
[Black "Kojima, Shinya"]
[Result "1/2-1/2"]
[WhiteElo "2181"]
[BlackElo "2335"]
[PlyCount "147"]
[EventDate "2023.07.21"]
[EventType "swiss"]
[EventRounds "9"]
[EventCountry "CZE"]
[SourceTitle "CBM 215 Extra"]
[Source "ChessBase"]
[SourceDate "2023.09.30"]
[SourceVersion "1"]
[SourceVersionDate "2023.09.30"]
[SourceQuality "1"]

1. d4 d5 2. c4 c6 3. Nf3 Nf6 4. Nc3 dxc4 5. a4 Bf5 6. e3 e6 7. Bxc4 Bb4 8. Qb3 Qe7 9. Nh4 Bg6 10. Nxg6 hxg6 11. h3 a5 12. Bd2 Nbd7 13. Be2 e5 14. dxe5 Qxe5 15. Nb1 Nc5 16. Qc2 Qe4 17. Qxe4+ Nfxe4 18. Bc3 Bxc3+ 19. Nxc3 Nxc3 20. bxc3 0-0-0 21. Bc4 f6 22. Bf7 g5 23. Bg6 Rh4 24. Bc2 Kc7 25. Ke2 Rc4 26. Ra3 Kb6 27. Rb1+ Ka6 28. Rba1 Rh4 29. R1a2 Rd6 30. Bf5 Rh8 31. c4 Rhd8 32. Kf3 Nd3 33. Bxd3 Rxd3 34. Rxd3 Rxd3 35. Ke4 Rc3 36. Kd4 Rc1 37. c5 Ka7 38. f4 Rd1+ 39. Ke4 gxf4 40. exf4 Rd5 41. Rc2 f5+ 42. Ke3 Rd1 43. Rc4 Ka6 44. g4 Rh1 45. gxf5 Rxh3+ 46. Ke4 b5 47. cxb6 Kxb6 48. Rc1 Rg3 49. Ke5 Re3+ 50. Kd6 Rd3+ 51. Ke6 Rd4 52. Ke5 c5 53. Rg1 Rd7 54. f6 gxf6+ 55. Kxf6 c4 56. Ke6 Rd2 57. f5 Kc5 58. Rf1 c3 59. f6 Kb4 60. f7 Rd8 61. f8Q+ Rxf8 62. Rxf8 c2 63. Rc8 Kxa4 64. Rxc2 Kb3 65. Rc8 a4 66. Kd5 a3 67. Rb8+ Kc3 68. Ra8 Kb2 69. Kc4 a2 70. Rb8+ Kc2 71. Ra8 Kb2 72. Rb8+ Kc2 73. Ra8 Kb2 74. Rb8+ 1/2-1/2

[Event "Oberliga Sued W 2223"]
[Site "Germany"]
[Date "2023.02.05"]
[Round "5.4"]
[White "Commercon, Simon"]
[Black "Feldmann, Johannes"]
[Result "1/2-1/2"]
[WhiteElo "2185"]
[BlackElo "2225"]
[PlyCount "139"]
[EventDate "2022.10.23"]
[EventType "team-tourn"]
[EventRounds "9"]
[EventCountry "GER"]
[SourceTitle "EXT 2025"]
[Source "ChessBase"]
[SourceDate "2024.10.14"]
[SourceVersion "1"]
[SourceVersionDate "2024.10.14"]
[SourceQuality "1"]
[WhiteTeam "Speyer Schwegenheim II"]
[BlackTeam "Worms"]
[WhiteTeamCountry "GER"]
[BlackTeamCountry "GER"]

1. d4 Nf6 2. c4 e6 3. Nf3 b6 4. g3 Bb7 5. Bg2 Be7 6. 0-0 0-0 7. Nc3 Ne4 8. Qc2 Nxc3 9. Qxc3 c5 10. Rd1 d6 11. Qc2 Nc6 12. dxc5 bxc5 13. b3 Qc7 14. Bb2 a5 15. h4 h6 16. Qd2 Rfd8 17. Qf4 e5 18. Qd2 Nd4 19. Nxd4 cxd4 20. e3 Bxg2 21. Kxg2 dxe3 22. Qxe3 a4 23. Rd5 axb3 24. axb3 Rxa1 25. Bxa1 Rb8 26. Kh2 Bf8 27. Bb2 Qc6 28. Kg1 Qa6 29. Qc3 Qa2 30. Rb5 Ra8 31. Rb7 Qb1+ 32. Kg2 Ra2 33. Qf3 Qg6 34. Bc3 Rc2 35. Rb8 e4 36. Qe3 Qg4 37. Bb4 Qd1 38. Qxe4 Rc1 39. Kh3 Qf1+ 40. Qg2 Qe2 41. Ba5 g5 42. Bb6 Qd3 43. Be3 Rb1 44. Qd5 Rxb3 45. Qxd3 Rxd3 46. hxg5 hxg5 47. c5 f6 48. c6 Rc3 49. Rc8 Kf7 50. Bd4 Rc4 51. Bxf6 Kxf6 52. Rxf8+ Ke5 53. g4 Rxc6 54. Rf5+ Ke4 55. Rxg5 d5 56. Kg3 Rc3+ 57. Kg2 Kf4 58. Rg8 d4 59. g5 Rc5 60. g6 Rg5+ 61. Kf1 Kf5 62. g7 Kf6 63. Ke2 Kf7 64. Rf8+ Kxg7 65. Rf4 Ra5 66. Rxd4 Kf6 67. Kf3 Ra3+ 68. Kf4 Ra6 69. Re4 Rb6 70. Rd4 1/2-1/2

[Event "Oberliga Sued W 2122"]
[Site "Germany"]
[Date "2022.06.26"]
[Round "5.3"]
[White "Kuhn, Patrick"]
[Black "Commercon, Simon"]
[Result "1/2-1/2"]
[WhiteElo "2071"]
[BlackElo "2228"]
[PlyCount "117"]
[EventDate "2021.10.24"]
[EventType "team-tourn"]
[EventRounds "9"]
[EventCountry "GER"]
[SourceTitle "EXT 2023"]
[Source "ChessBase"]
[SourceDate "2022.10.05"]
[SourceVersion "1"]
[SourceVersionDate "2022.10.05"]
[SourceQuality "1"]
[WhiteTeam "Illingen Turm"]
[BlackTeam "Speyer Schwegenheim II"]
[WhiteTeamCountry "GER"]
[BlackTeamCountry "GER"]

1. c4 b6 2. Nc3 e6 3. e4 Bb4 4. Nge2 Bb7 5. g3 f5 6. Bg2 Nf6 7. a3 Bxc3 8. Nxc3 Nxe4 9. Nxe4 Bxe4 10. Bxe4 fxe4 11. Qh5+ g6 12. Qe5 0-0 13. Qxe4 Qf6 14. 0-0 Nc6 15. d3 Qf3 16. Be3 e5 17. Rfd1 Rae8 18. Rd2 Na5 19. Qxf3 Rxf3 20. Re1 Nb3 21. Rde2 d6 22. Kg2 Ref8 23. h4 h5 24. Rd1 c5 25. Rc2 R8f7 26. Rc3 Nd4 27. Bxd4 cxd4 28. Rc2 Kf8 29. b4 Ke7 30. Rdd2 R3f6 31. a4 Kd7 32. Ra2 Kc6 33. a5 d5 34. b5+ Kc5 35. cxd5 Kxd5 36. Rdc2 bxa5 37. Rxa5 Rb6 38. Rc8 Rfb7 39. Ra8 Rxb5 40. R8xa7 Ke6 41. Rxb7 Rxb7 42. Ra2 Rb3 43. Rd2 Kf5 44. f3 Rb1 45. Kf2 Rh1 46. Kg2 Re1 47. Kf2 Re3 48. Kg2 Ke6 49. Kf2 Kd5 50. Rd1 Kc5 51. f4 exf4 52. gxf4 Rh3 53. Rc1+ Kb5 54. Rb1+ Ka5 55. Rg1 Rxh4 56. Kf3 Kb4 57. Rc1 Kb3 58. Rc4 Rg4 59. Rxd4 1/2-1/2

[Event "BL2-Sued 2122"]
[Site "Germany"]
[Date "2022.04.30"]
[Round "3.8"]
[White "Commercon, Simon"]
[Black "Richter, Nils"]
[Result "1/2-1/2"]
[WhiteElo "2213"]
[BlackElo "2381"]
[PlyCount "153"]
[EventDate "2022.03.05"]
[EventType "team-tourn"]
[EventRounds "10"]
[EventCountry "GER"]
[SourceTitle "EXT 2023"]
[Source "ChessBase"]
[SourceDate "2022.10.05"]
[SourceVersion "1"]
[SourceVersionDate "2022.10.05"]
[SourceQuality "1"]
[WhiteTeam "Speyer Schwegenheim"]
[BlackTeam "Schoenaich"]
[WhiteTeamCountry "GER"]
[BlackTeamCountry "GER"]

1. d4 d5 2. c4 e6 3. Nc3 a6 4. cxd5 exd5 5. Nf3 c6 6. Qc2 Nf6 7. Bg5 Be6 8. e3 h6 9. Bh4 Bd6 10. Bd3 Nbd7 11. 0-0 0-0 12. Ne2 Qc7 13. Bg3 Nh5 14. Bxd6 Qxd6 15. b4 g6 16. Rfc1 Ng7 17. a4 Bf5 18. Nf4 Rfc8 19. Bxf5 Nxf5 20. Nd3 Qe7 21. Nc5 Nd6 22. Nxd7 Qxd7 23. Ne5 Qe6 24. Rab1 Kg7 25. a5 Qe7 26. Qd3 h5 27. Re1 Re8 28. Rb2 Rad8 29. f3 Qg5 30. Rbe2 f6 31. f4 Qh6 32. Nf3 h4 33. g4 hxg3 34. hxg3 Qh5 35. Rf1 Qg4 36. Rg2 Qf5 37. Qe2 Qe4 38. Re1 Nc4 39. Kf2 Re7 40. Nd2 Nxd2 41. Qxd2 Rh8 42. Kg1 Rh3 43. Qe2 f5 44. Kf2 Kf8 45. Rc1 Reh7 46. Qc2 Qxc2+ 47. Rxc2 Rh1 48. Rb2 R7h2 49. Rb3 Ke7 50. g4 fxg4 51. Rxh2 Rxh2+ 52. Kg3 Rh1 53. Kxg4 Kf6 54. Rb2 Rg1+ 55. Kf3 Kf5 56. Rh2 Rf1+ 57. Ke2 Rb1 58. Kf3 Rxb4 59. Rh8 Kf6 60. Rf8+ Kg7 61. Rb8 Rb1 62. Kg4 Rb2 63. Kf3 Kf6 64. Rf8+ Ke7 65. Rg8 Kf7 66. Rb8 Rb3 67. Kg4 Ke6 68. Kg5 Kf7 69. Kg4 Rb1 70. Kf3 Kg7 71. Kg4 Rb5 72. Kg5 Rb2 73. Kg4 Rb1 74. Kf3 Kf7 75. Kg4 Ke7 76. Rg8 Kf6 77. Rf8+ 1/2-1/2

[Event "Oberliga Sued W 2122"]
[Site "Germany"]
[Date "2021.11.14"]
[Round "2.4"]
[White "Commercon, Simon"]
[Black "Vogel, Johannes"]
[Result "0-1"]
[WhiteElo "2228"]
[BlackElo "2155"]
[PlyCount "110"]
[EventDate "2021.10.24"]
[EventType "team-tourn"]
[EventRounds "9"]
[EventCountry "GER"]
[SourceTitle "EXT 2023"]
[Source "ChessBase"]
[SourceDate "2022.10.05"]
[SourceVersion "1"]
[SourceVersionDate "2022.10.05"]
[SourceQuality "1"]
[WhiteTeam "Speyer Schwegenheim II"]
[BlackTeam "Landau"]
[WhiteTeamCountry "GER"]
[BlackTeamCountry "GER"]

1. d4 d5 2. c4 dxc4 3. Nf3 Nf6 4. e3 b5 5. a4 b4 6. Bxc4 e6 7. Nbd2 Be7 8. Qc2 Bb7 9. e4 Nbd7 10. e5 Nd5 11. Nb3 c5 12. Nxc5 Nxc5 13. dxc5 Rc8 14. Bb5+ Kf8 15. Qe2 Rxc5 16. 0-0 g5 17. Rd1 Rg8 18. Nd4 Qb8 19. Qh5 Rg7 20. Nf3 Kg8 21. Qg4 Nf4 22. Bf1 h5 23. Qg3 Be4 24. Bxf4 h4 25. Nxh4 gxf4 26. Qxf4 Qxe5 27. Qxe5 Rxe5 28. Rd4 Bxh4 29. f3 Bxf3 30. Rxh4 Bxg2 31. Bxg2 Re2 32. Rxb4 Rgxg2+ 33. Kf1 Ref2+ 34. Ke1 Rc2 35. Kf1 Rcf2+ 36. Ke1 Rxb2 37. Rxb2 Rxb2 38. h3 Rb3 39. Rc1 Rb4 40. Ra1 a5 41. Kf2 f5 42. Ra3 Kf7 43. Kg3 Kf6 44. Ra1 e5 45. Ra3 Kg5 46. Ra2 f4+ 47. Kg2 e4 48. Kh2 Kf5 49. Kg2 f3+ 50. Kg3 Rb7 51. Rc2 Rg7+ 52. Kh2 Kf4 53. Rc8 f2 54. Rf8+ Ke3 55. h4 Rg1 0-1

[Event "GER-ch Blitz"]
[Site "Magdeburg"]
[Date "2021.08.01"]
[Round "27"]
[White "Commercon, Simon"]
[Black "Baldauf, Marco"]
[Result "1/2-1/2"]
[WhiteElo "2204"]
[BlackElo "2511"]
[PlyCount "63"]
[EventDate "2021.08.01"]
[EventType "tourn (blitz)"]
[EventRounds "29"]
[EventCountry "GER"]
[EventCategory "5"]
[SourceTitle "CBM 203 Extra"]
[Source "ChessBase"]
[SourceDate "2021.09.30"]
[SourceVersion "1"]
[SourceVersionDate "2021.09.30"]
[SourceQuality "1"]

1. d4 Nf6 2. Bg5 Ne4 3. h4 c5 4. d5 Qb6 5. Nd2 Nxd2 6. Bxd2 Qxb2 7. Nf3 d6 8. e4 Qb6 9. Rb1 Qc7 10. Bb5+ Bd7 11. Be2 e5 12. Ng5 h6 13. Nf3 Be7 14. h5 Bc8 15. Nh4 Bxh4 16. Rxh4 Nd7 17. Bb5 a6 18. Bxd7+ Bxd7 19. Qf3 Qd8 20. Qg3 Qf6 21. Rxb7 Bc8 22. Rb6 0-0 23. Ke2 Bd7 24. c4 Rfb8 25. Rxb8+ Rxb8 26. Rh1 Kf8 27. Qa3 Bg4+ 28. f3 Bc8 29. Qd3 Qd8 30. Rb1 Rxb1 31. Qxb1 Qc7 32. g4 1/2-1/2

[Event "GER-ch Blitz"]
[Site "Magdeburg"]
[Date "2021.08.01"]
[Round "8"]
[White "Commercon, Simon"]
[Black "Kopylov, Michael"]
[Result "1-0"]
[WhiteElo "2204"]
[BlackElo "2392"]
[PlyCount "95"]
[EventDate "2021.08.01"]
[EventType "tourn (blitz)"]
[EventRounds "29"]
[EventCountry "GER"]
[EventCategory "5"]
[SourceTitle "CBM 203 Extra"]
[Source "ChessBase"]
[SourceDate "2021.09.30"]
[SourceVersion "1"]
[SourceVersionDate "2021.09.30"]
[SourceQuality "1"]

1. d4 Nf6 2. Bg5 g6 3. Bxf6 exf6 4. g3 Bg7 5. Bg2 d6 6. e3 0-0 7. Ne2 f5 8. 0-0 Nd7 9. c4 Nf6 10. Nbc3 Re8 11. Qc2 h5 12. h4 Ng4 13. Nf4 c6 14. Rfe1 a5 15. Rab1 Bd7 16. a3 g5 17. hxg5 Qxg5 18. Nh3 Qh6 19. Ne2 Nxe3 20. fxe3 Rxe3 21. Kh2 Rae8 22. Qd2 h4 23. Nef4 hxg3+ 24. Kg1 Bxd4 25. Kf1 Qf6 26. Rxe3 Bxe3 27. Qd3 Qd4 28. Qxd4 Bxd4 29. Ne2 Be5 30. Nhf4 a4 31. b3 axb3 32. Rxb3 Ra8 33. Rxg3+ Kf8 34. Rb3 Bc8 35. Nd3 Ke7 36. c5 f6 37. cxd6+ Bxd6 38. Nd4 Bxa3 39. Ke2 Bd6 40. Bh3 Ra2+ 41. Kf3 Rd2 42. Nxf5+ Bxf5 43. Bxf5 b5 44. Be4 Kd7 45. Ke3 Rh2 46. Kd4 Rh4 47. Ke3 Kc7 48. Rc3 1-0

[Event "GER-ch Blitz"]
[Site "Magdeburg"]
[Date "2021.08.01"]
[Round "19"]
[White "Commercon, Simon"]
[Black "Riehle, Marco"]
[Result "0-1"]
[WhiteElo "2204"]
[BlackElo "2336"]
[PlyCount "66"]
[EventDate "2021.08.01"]
[EventType "tourn (blitz)"]
[EventRounds "29"]
[EventCountry "GER"]
[EventCategory "5"]
[SourceTitle "CBM 203 Extra"]
[Source "ChessBase"]
[SourceDate "2021.09.30"]
[SourceVersion "1"]
[SourceVersionDate "2021.09.30"]
[SourceQuality "1"]

1. d4 d5 2. c4 e6 3. Nc3 c5 4. cxd5 cxd4 5. Qxd4 Nc6 6. Qd1 exd5 7. e3 Nf6 8. Nf3 Bd6 9. Bb5 0-0 10. Qa4 Bg4 11. Bxc6 bxc6 12. h3 Bd7 13. Qh4 c5 14. 0-0 Rb8 15. Rd1 Bc6 16. b3 Rb4 17. Qg5 d4 18. exd4 Bxf3 19. gxf3 Rxd4 20. Rxd4 cxd4 21. Ne4 Be7 22. Qg2 Nxe4 23. fxe4 Bf6 24. f4 d3 25. Rb1 Bc3 26. Be3 Qa5 27. Rd1 Rd8 28. Qf2 Rd7 29. Bd2 h6 30. Bxc3 Qxc3 31. Rd2 Rd6 32. Kh2 Rc6 33. Qe3 Qxd2+ 0-1

[Event "GER-ch Blitz"]
[Site "Magdeburg"]
[Date "2021.08.01"]
[Round "20"]
[White "Koelle, Tobias"]
[Black "Commercon, Simon"]
[Result "1-0"]
[WhiteElo "2312"]
[BlackElo "2204"]
[PlyCount "67"]
[EventDate "2021.08.01"]
[EventType "tourn (blitz)"]
[EventRounds "29"]
[EventCountry "GER"]
[EventCategory "5"]
[SourceTitle "CBM 203 Extra"]
[Source "ChessBase"]
[SourceDate "2021.09.30"]
[SourceVersion "1"]
[SourceVersionDate "2021.09.30"]
[SourceQuality "1"]

1. d4 Nf6 2. c4 e6 3. Nc3 d5 4. cxd5 exd5 5. Bg5 c6 6. e3 Bd6 7. Bd3 h6 8. Bh4 Nbd7 9. Nge2 0-0 10. Bg3 Bb8 11. 0-0 Re8 12. Qc2 Nf8 13. b4 Bxg3 14. Nxg3 Be6 15. b5 Qd6 16. bxc6 bxc6 17. Na4 N8d7 18. Rfc1 Rec8 19. Rab1 h5 20. h3 h4 21. Nf5 Bxf5 22. Bxf5 Rc7 23. Rb3 Nf8 24. Rc3 Qb4 25. Nc5 Qa5 26. Qb3 Re7 27. Qa3 Qxa3 28. Rxa3 g6 29. Bd3 g5 30. Na6 Rc8 31. Nb4 Rb7 32. Ba6 Rxb4 33. Bxc8 Rb2 34. Bf5 1-0

[Event "GER-ch Blitz"]
[Site "Magdeburg"]
[Date "2021.08.01"]
[Round "3"]
[White "Kollars, Dmitrij"]
[Black "Commercon, Simon"]
[Result "1/2-1/2"]
[WhiteElo "2617"]
[BlackElo "2204"]
[PlyCount "144"]
[EventDate "2021.08.01"]
[EventType "tourn (blitz)"]
[EventRounds "29"]
[EventCountry "GER"]
[EventCategory "5"]
[SourceTitle "CBM 203 Extra"]
[Source "ChessBase"]
[SourceDate "2021.09.30"]
[SourceVersion "1"]
[SourceVersionDate "2021.09.30"]
[SourceQuality "1"]

1. e4 d5 2. exd5 Qxd5 3. Nc3 Qd6 4. d4 Nf6 5. Nf3 a6 6. Ne5 Nc6 7. Nxc6 Qxc6 8. d5 Qb6 9. Bc4 Bg4 10. Qd3 0-0-0 11. Be3 Qa5 12. b4 Qa3 13. 0-0 e6 14. Bb3 Bxb4 15. h3 Bf5 16. Qd4 Bxc3 17. Qxc3 Nxd5 18. Qxg7 Nxe3 19. fxe3 Rhg8 20. Qc3 Qd6 21. Rf3 Qd2 22. Qxd2 Rxd2 23. Rf2 Rxf2 24. Kxf2 Be4 25. g4 h6 26. Kg3 Rd8 27. Kf4 Bg6 28. h4 Rd2 29. Rc1 Kd7 30. h5 Bh7 31. g5 hxg5+ 32. Kxg5 Ke7 33. a4 Rg2+ 34. Kh6 Be4 35. a5 Rh2 36. Rf1 Bg6 37. Kg7 Rxh5 38. Ra1 Rh3 39. Ra4 Rxe3 40. Rc4 Kd6 41. Rb4 Be4 42. Kxf7 Rf3+ 43. Kg7 Re3 44. Kf6 Bc6 45. Rd4+ Bd5 46. Rb4 Bxb3 47. cxb3 Re5 48. Rxb7 Rxa5 49. Ra7 Kc6 50. Kxe6 Kb6 51. Ra8 Rb5 52. Kd7 c5 53. Kd6 Ka5 54. Kd5 Rxb3 55. Kxc5 Rc3+ 56. Kd4 Rc7 57. Rb8 Ka4 58. Kd3 Ka3 59. Ra8 Rc6 60. Rb8 a5 61. Kd2 a4 62. Rb7 Ka2 63. Rb8 a3 64. Rb7 Rc4 65. Rb8 Ka1 66. Rb7 Rh4 67. Kc2 Rh2+ 68. Kc1 Rb2 69. Ra7 a2 70. Rh7 Rb5 71. Rc7 Rh5 72. Rb7 Rh2 1/2-1/2

[Event "GER Cup Net Final-A U2400"]
[Site "Playchess.com INT"]
[Date "2020.06.06"]
[Round "5"]
[White "Commercon, Simon"]
[Black "Marcziter, Dmitrii"]
[Result "1/2-1/2"]
[WhiteElo "2100"]
[BlackElo "2043"]
[PlyCount "76"]
[EventDate "2020.06.06"]
[EventType "swiss (blitz)"]
[EventRounds "13"]
[EventCountry "GER"]
[SourceTitle "CBM 197 Extra"]
[Source "ChessBase"]
[SourceDate "2020.09.30"]
[SourceVersion "1"]
[SourceVersionDate "2020.09.30"]
[SourceQuality "1"]

1. d4 Nf6 2. c4 g6 3. Nc3 Bg7 4. Nf3 d6 5. g3 0-0 6. Bg2 Nc6 7. d5 Na5 8. Nd2 c5 9. dxc6 Nxc6 10. 0-0 Qa5 11. Nf3 Be6 12. Qd3 Nb4 13. Qd1 Bxc4 14. Bd2 Qh5 15. Qa4 a5 16. a3 b5 17. Qd1 Nbd5 18. b3 Nxc3 19. Bxc3 Be6 20. Nd4 Bh3 21. e3 Ng4 22. Qf3 Bxg2 23. Qxg2 Rac8 24. Bxa5 Ne5 25. Rfc1 Nd3 26. Rxc8 Rxc8 27. Qf1 Nc5 28. Qxb5 e5 29. Nc6 Bf6 30. Rc1 Kg7 31. Bb6 Ne4 32. Qd3 Qf3 33. Qc2 Rxc6 34. Qxc6 Qxf2+ 35. Kh1 Qf3+ 36. Kg1 Qf2+ 37. Kh1 Qf3+ 38. Kg1 Qf2+ 1/2-1/2